000 01714cab a22003375a 4500
001 L142330
008 080206e20071207xxk f 000 0 eng d
035 _a(Sirsi) u142330
041 0 _aeng
100 1 _aSteinert, Jonathan
245 0 0 _aThis is not your land
260 _c2007
490 _aSolicitors' Journal
_v151(46) 7 December 2007, 1562-1563(2)
520 _aConsiders the effects of the case of Anderson Antiques (UK) Ltd v Anderson Wharf (Hull) Ltd and Akrill (L142332). The case demonstrates that by seeking vacation of unilateral notice a in response to a breach of the Land Registration Act 2007 s77, substantially wider relief may be obtained. It also opens the possibility of imposing liability on both a defendant company and its director. Warns that this faces both companies and directors with more serious repercussions in cases where unilateral notices are registered against a title to development land. Case law.
590 _aKA
650 2 4 _aANDERSON ANTIQUES (UK) LTD V ANDERSON WHARF (HULL) LTD AND AKRILL
650 2 4 _aLAND REGISTRATION ACT 2002 S77
650 2 4 _aLAND REGISTRATION ACT 2002 S34
650 2 4 _aLAW OF PROPERTY (MISCELLANEOUS PROVISIONS) ACT 1989 S2
650 2 4 _aYAXLEY V GOTTS
650 2 4 _aCOBBE V YEOMAN'S ROW MANAGEMENT LTD
650 2 4 _aUCB GROUP LTD V HEDWORTH
650 2 4 _aLOUBATIERES AND OTHERS V MORNINGTON ESTATES (UK) AND OTHERS
650 2 4 _aDONNELLY AND OTHER V WEYBRIDGE CONSTRUCTION LTD
651 4 _aEngland and Wales
_y1543-
690 _aPlanning and development
_96259
690 _aPROPERTY-RURAL AND NATURAL ASSETS-LAND
690 _aPROPERTY-PROPERTY ACQUISITION AND DISPOSAL
700 1 _aCohen, Abigail
942 _n0
999 _c79774
_d79774